LEADER 00815nam0-22003011i-450- 001 990005257020403321 005 20060202124313.0 010 $a0-7139-0500-x 035 $a000525702 035 $aFED01000525702 035 $a(Aleph)000525702FED01 035 $a000525702 100 $a19990604d1974----km-y0itay50------ba 101 0 $aeng 105 $aaf------00--- 200 1 $aAlexander the Great$fRobin Lane Fox 210 $aLondon$cAllen Lane$d1974 215 $a568 p, 16 tav.$cill.$d24 cm 225 1 $aPenguin books 676 $a938.07092$v21$zita 700 1$aLane Fox,$bRobin$0141988 801 0$aIT$bUNINA$gRICA$2UNIMARC 901 $aBK 912 $a990005257020403321 952 $a938.07 LAN 1$bANT.GR. 2616$fFLFBC 959 $aFLFBC 996 $aAlexander the Great$949752 997 $aUNINA LEADER 01078cam0-2200325---450- 001 990005806290403321 005 20100315122508.0 010 $a88-7119-743-7 035 $a000580629 035 $aFED01000580629 035 $a(Aleph)000580629FED01 035 $a000580629 100 $a19990604d1994----km-y0itay50------ba 101 0 $aita 102 $aIT 105 $ay-------101yy 200 1 $a<>letterato tra miti e realtą del Nuovo Mondo$eVenezia, il mondo iberico e l'Italia$eatti del convegno di Venezia, 21-23 ottobre 1992$fa cura di Angela Caracciolo Aricó 210 $aRoma$cBulzoni$dc1994 215 $a573 p.$d24 cm 225 1 $aProgetto strategico Italia-Ameria Latina 610 0 $aAmerica$aScoperta$aInfluenza sulla letteratura$aSec. 16.-18.$aCongressi$a1992 676 $a970.01 676 $a809.933 58 801 0$aIT$bUNINA$gRICA$2UNIMARC 901 $aBK 912 $a990005806290403321 952 $a809.933 CAR 1$bDip.f.m.6758$fFLFBC 959 $aFLFBC 996 $aLetterato tra miti e realtą del Nuovo Mondo$9568528 997 $aUNINA LEADER 01403nam--2200421---450 001 990001630840203316 005 20181030103818.0 010 $a88-14-10154-X 035 $a000163084 035 $aUSA01000163084 035 $a(ALEPH)000163084USA01 035 $a000163084 100 $a20040504d2003----km-y0enga50------ba 101 0 $aita 102 $aIT 105 $a||||||||001yy 200 1 $aPoteri istruttori e mezzi di prova nel processo amministrativo$fGiovanni Pesce 210 $aMilano$cGiuffrč$dcopyr. 2003 215 $aVII, 261 p.$d23 cm 225 2 $a<> nuovo processo amministrativo$v2 410 0$12001$a<> nuovo processo amministrativo$v2 454 1$12001 461 1$1001-------$12001 606 0 $aProcedimento giurisdizionale amministrativo 676 $a342.450 664 700 1$aPESCE,$bGiovanni$f<1964- >$0738198 801 0$aIT$bsalbc$gISBD 912 $a990001630840203316 951 $aXXIV.3.C 135 (IG IX 485/2)$b40125 G.$cXXIV.3.C 135 (IG IX)$d00132854 959 $aBK 969 $aGIU 979 $aMARIA$b10$c20040504$lUSA01$h1100 979 $aPECORARO$b90$c20040719$lUSA01$h1330 979 $aPECORARO$b90$c20040719$lUSA01$h1333 979 $aRSIAV4$b90$c20090827$lUSA01$h1009 979 $aRSIAV4$b90$c20090827$lUSA01$h1020 996 $aPoteri istruttori e mezzi di prova nel processo amministrativo$91536188 997 $aUNISA